000 01008nam a2200313 a 4500
001 000020776
003 DO-SdBPM
005 20250903140441.0
007 ta
008 100817s2015 dr 000 p eng d
020 _a9789945588507
040 _aDO-SdBPM
_bspa
_cBPMSU
_erda
082 4 _aRD861.5
_bR173p 2015
_222
100 _aRamírez, Reina Lissette,
_d1983
_eautora
245 1 0 _aPaisaje expreso y otros poemas /
_cReina Lissette Ramírez.
264 _aSanto Domingo :
_bRumbo Norte,
_c2015.
300 _a43 páginas ;
_c23 p.
336 _atexto
_btxt
_2rdacontent
337 _asin mediación
_bn
_2rdamedia
338 _avolumen
_bnc
_2rdacarrier
500 _aIncluye datos biográficos del autor en las solapas
590 _aInventariado, 2025 / VM
650 0 _aLiteratura dominicana.
_2Poesía dominicana
650 7 _aPoesía dominicana
650 7 _aLiteratura dominicana
650 z _aDominican literature
910 _aVMateo V. Control de calidad BPMSU
942 _2ddc
_cBK
999 _c12649
_d12649